000 00856nam a2200265Ia 4500
003 OSt
005 20220924115506.0
006 a|||||r|||| 00| 0
007 ta
008 220923b |||||||| |||| 00| 0 urd d
020 _a8188912204 (hbk)
020 _c225
024 _a323253
037 _b5534, 06/03/2009, Modern Publishing House
_cTextual
040 _aARTS
_cARTS
_burd
041 _2urd
_aurd
082 _aV2:51.M57, 168P8
100 _aLal Pandit Kanhaiya Ed.
_9178477
245 0 _aJang-e-aazadi 1857
_b tareekh-e-baghawat-e-Hind
260 _aDelhi
_bBook corporation India
_c2008
300 _a272p.
_ccm.
650 _aINDIA - HISTORY - FREEDOM STRUGGLE
_922401
942 _hV2:51.M57, 168P8
_cTEXL
_2CC
999 _c398554
_d398554